Komentár k zákonu o účtovníctve

Komentár k novelizácii zákona o účtovníctve.

Guardado en:
Detalles Bibliográficos
Autor principal: Kaletová, Viera
Formato: Capítulo de libro
Lenguaje:eslovaco
Materias:
Etiquetas: Agregar Etiqueta
Sin Etiquetas, Sea el primero en etiquetar este registro!

MARC

LEADER 00000naa$a2200000$$$4500
001 0074797
005 20231114100105.1
041 0 |a slo 
044 |a SK 
245 1 0 |a Komentár k zákonu o účtovníctve  |c Viera Kaletová 
520 |a Komentár k novelizácii zákona o účtovníctve. 
610 2 0 |a účtovníctvo 
610 2 0 |a zákony 
610 2 0 |a novelizácia 
610 2 0 |a komentáre 
100 1 |a Kaletová, Viera